00258pam a2200109 a 4500020000500000041000500005082001700010100002000027245005700047260002700104300001700131 c h a743.028bHAR aHazel Harrison. aArt School How to paint & DrawhTextual Documents a[s.l]:bAnness,c2010. a256:bpaper.